Systematic list of the birds of East Pakistan / (Record no. 73024)
[ view plain ]
| 000 -LEADER | |
|---|---|
| fixed length control field | 00811nam a2200253 a 4500 |
| 001 - CONTROL NUMBER | |
| control field | 73024 |
| 003 - CONTROL NUMBER IDENTIFIER | |
| rucl marc code | BD-RjUL |
| 005 - DATE AND TIME OF LATEST TRANSACTION | |
| control field | 20211209082335.0 |
| 008 - FIXED-LENGTH DATA ELEMENTS--GENERAL INFORMATION | |
| fixed length control field | 170527s1967 pk b b 000 0 eng d |
| 035 ## - SYSTEM CONTROL NUMBER | |
| System control number | (BD-RjUL)73242 |
| 040 ## - CATALOGING SOURCE | |
| Original cataloging agency | DLC |
| Transcribing agency | DLC |
| Modifying agency | BD-RjUL |
| Language of cataloging | eng |
| 041 ## - LANGUAGE CODE | |
| Language code of text/sound track or separate title | eng |
| 082 00 - DEWEY DECIMAL CLASSIFICATION NUMBER | |
| Classification number | 598.095492 |
| Edition number | 23 |
| Author mark and year | ERS 1967 |
| 100 1# - MAIN ENTRY--PERSONAL NAME | |
| Personal name | er-Rashid, Haroun. |
| 9 (RLIN) | 215977 |
| 245 10 - TITLE STATEMENT | |
| Title | Systematic list of the birds of East Pakistan / |
| Statement of responsibility, etc. | Haroun Er-Rashid |
| 260 ## - PUBLICATION, DISTRIBUTION, ETC. (IMPRINT) | |
| Place of publication, distribution, etc. | Dacca : |
| Name of publisher, distributor, etc. | Asiatic Society of Pakistan, |
| Date of publication, distribution, etc. | 1967. |
| 300 ## - PHYSICAL DESCRIPTION | |
| Pagination | vii, 144 p. : |
| Illustrations | ill. ; |
| Size | 25 cm. |
| 410 20 - SERIES STATEMENT/ADDED ENTRY--CORPORATE NAME [OBSOLETE, CAN/MARC], [LOCAL, USA] | |
| Corporate name or jurisdiction name as entry element | Asiatic Society of Pakistan. |
| Title of a work | Publication |
| Volume number/sequential designation | no. 20 |
| 504 ## - BIBLIOGRAPHY, ETC. NOTE | |
| Bibliography, etc | Bibliography: p. 17. |
| 650 #0 - SUBJECT ADDED ENTRY--TOPICAL TERM | |
| Topical term or geographic name as entry element | Birds |
| Geographic subdivision | Bangladesh. |
| 9 (RLIN) | 215978 |
| 830 ## - SERIES ADDED ENTRY--UNIFORM TITLE | |
| Uniform title | Asiatic Society of Pakistan.; Publication |
| Volume number/sequential designation | no. 20 |
| 942 ## - ADDED ENTRY ELEMENTS (KOHA) | |
| Source of classification or shelving scheme | Dewey Decimal Classification |
| Koha item type | Books |
| Lost status | Source of classification or shelving scheme | Damaged status | Not for loan | Collection code | Permanent Location | Current Location | Shelving location | Date acquired | Source of acquisition | Cost, normal purchase price | Total Checkouts | Full call number | Date last seen | Copy number | Koha item type |
|---|---|---|---|---|---|---|---|---|---|---|---|---|---|---|---|
| Dewey Decimal Classification | Not For Loan | Non-fiction | Central Library, University of Rajshahi | Central Library, University of Rajshahi | Reading Room | 11/08/1969 | Asiatic society | 7.00 | 598.095492 ERS 1967 | 27/05/2017 | C-1 | Books | |||
| Dewey Decimal Classification | Non-fiction | Central Library, University of Rajshahi | Central Library, University of Rajshahi | 11/08/1969 | Asiatic society | 7.80 | 598.095492 ERS 1967 | 27/05/2017 | C-2 | Books | |||||
| Dewey Decimal Classification | Non-fiction | Central Library, University of Rajshahi | Central Library, University of Rajshahi | 11/08/1969 | Asiatic society | 7.80 | 598.095492 ERS 1967 | 27/05/2017 | C-3 | Books | |||||
| Dewey Decimal Classification | Fiction | Central Library, University of Rajshahi | Central Library, University of Rajshahi | 01/02/2010 | Asiatic Society of Bangladesh | 7.00 | 598.095492 ERS 1967 | 03/12/2018 | C-4 | Books |